Normal view
MARC view
Entry Personal Name
001 - CONTROL NUMBER
- control field: 64969
003 - CONTROL NUMBER IDENTIFIER
- control field: dpl
005 - DATE AND TIME OF LATEST TRANSACTION
- control field: 20240419154032.0
008 - FIXED-LENGTH DATA ELEMENTS
- fixed length control field: 240419|| aca||aabn | a|a d
040 ## - CATALOGING SOURCE
- Original cataloging agency: dpl
- Transcribing agency: dpl
100 ## - HEADING--PERSONAL NAME
- Personal name: चंद्र, जगदीश
670 ## - SOURCE DATA FOUND
- Source citation: Work cat.: (dpl)202189: चंद्र, जगदीश, बुढ़ापा उपेक्षित नहीं, अपेक्षित/, 2022
